000 00540nam a2200205Ia 4500
005 20250326144108.0
008 250326s9999 xx 000 0 und d
037 _aTextbook
040 _aFMSL
_beng
_cFMSL
041 _aeng
_2eng
084 _aB2893 P6
_qFMSL
100 _aAxsater Sven
_9402685
245 0 _aInventory Control
_cAxsater Sven
250 _a2
260 _aNY
_bNY, Springer
_c2006
365 _b267665.75711999997
650 _aInventory
_9749019
942 _cTB
_hB2893 P6
999 _c1302338
_d1302338